000 00509nam a2200181Ia 4500
005 20250326125132.0
008 250326s9999 xx 000 0 und d
037 _aTextbook
040 _aFMSL
_beng
_cFMSL
041 _aeng
_2eng
084 _aX:97D L1
_qFMSL
100 _aMortimer J E
_9283269
245 0 _aTradeUnions and technological change
_cMortimer J E
260 _aLondon
_bLondon, Oxford University
_c1971
300 _a108p
942 _cTB
_hX:97D L1
999 _c1276696
_d1276696